75 Jahre ARD - Die größten Kultserien - Statistiken

Allgemein
  • Dieses Quiz wurde 50 mal gespielt
  • Das Durchschnittsergebnis liegt bei 5 aus 10
Antwortstatistiken
# Darsteller Genre Erstausstrahlung Serie % Korrekt
3 Marie-Luise Marjan, Annemarie Wendl, Til Schweiger Seifenoper 1985-2020 Lindenstraße
100%
6 Manfred Krug,Michael Kausch,
Jenny Gröllmann
Anwaltserie,Dramedy 1986-1998 Liebling Kreuzberg
59%
9 Thomas Rühmann,Alexa Maria Surholt,
Arzu Bazman
Krankenhausserie,Seifenoper seit 1998 In aller Freundschaft
48%
7 Justus von Dohnányi,Ulrich Noethen, Nina Kunzendorf Krankenhausserie,Historienserie seit 2017 Charité
39%
2 Peter Heinrich Brix, Edgar Hoppe Patrick Abozen Krimiserie seit 1986 Großstadtrevier
39%
10 Helmut Fischer,Ruth Maria Kubitschek, Christine Kaufmann Krimiserie,Komödie 1983 Monaco Franze – Der ewige Stenz
39%
1 Hinnerk Schönemann, Marleen Lohse,Henny Reents Krimiserie seit 2014 Nord bei Nordwest
36%
8 Peter Borgelt, Katrin Sass, Charly Hübner Krimiserie seit 1990 Polizeiruf 110
34%
5 Volker Bruch,Leonie Benesch, Benno Fürmann Krimiserie,Historienserie 2017-2024 Babylon Berlin
32%
4 Petra Kleinert, Caroline Peters,Bjarne Mädel Krimiserie,Komödie 2008-2014,seit 2022 Mord mit Aussicht
30%
Keine übereinstimmenden Quizze gefunden
Verteilung der Resultate
Anzahl Personen mit jedem Resultat
Perzentil nach korrekt beantworteten Fragen
Ihre Resultats-Entwicklung
Sie haben dieses Quiz noch nicht gespielt